Thực hành vật lí 8

Guardado en:
Detalles Bibliográficos
Autor principal: Nguyễn, Tuyến
Otros Autores: Bùi, Quang Hân
Formato: Libro
Lenguaje:Undetermined
Publicado: H. Giáo dục 2004
Materias:
Acceso en línea:http://lrc.tdmu.edu.vn/opac/search/detail.asp?aID=2&ID=5032
Etiquetas: Agregar Etiqueta
Sin Etiquetas, Sea el primero en etiquetar este registro!
Thư viện lưu trữ: Trung tâm Học liệu Trường Đại học Thủ Dầu Một
LEADER 00638nam a2200205Ia 4500
001 TDMU_5032
008 210410s9999 xx 000 0 und d
082 |a 530.76 
090 |b NG525 
100 |a Nguyễn, Tuyến 
245 0 |a Thực hành vật lí 8 
245 0 |c Nguyễn Tuyến 
260 |a H. 
260 |b Giáo dục 
260 |c 2004 
300 |a 68tr 
650 |a Vật lí  |x Dạy và học; Sách lớp 8  |v Giáo khoa 
700 |a Bùi, Quang Hân 
856 |u http://lrc.tdmu.edu.vn/opac/search/detail.asp?aID=2&ID=5032 
980 |a Trung tâm Học liệu Trường Đại học Thủ Dầu Một